| 000 | 01155nac a22003017a 4500 | ||
|---|---|---|---|
| 001 | BR8201534 | ||
| 003 | BR-BrBNA | ||
| 005 | 20240105115253.0 | ||
| 008 | 230509b bl.|||m| |||| 00| 0 por d | ||
| 040 |
_aBR-BrBNA _bpor _cBiblioteca Nacional de Agricultura |
||
| 072 | _aL74 | ||
| 090 | _a5214 BR8201534 | ||
| 100 | 1 | _aSchenk, M.A.M. | |
| 100 | 1 | _aFaria Filho, T.T. de | |
| 100 | 1 | _aPimentel, D.M. | |
| 100 | 1 | _aThiago, L.R.L. de S. | |
| 110 | 1 |
_aCentro Nacional de Pesquisa de Gado de Corte, Campo Grande, MS (Brasil) _91771 |
|
| 245 | 1 | _aIntoxicacao por oxalatos em vacas lactantes em pastagem de setaria (Setaria anceps Stapf cv. Kazungula)[Graminea forrageira] | |
| 246 | 1 | _a[Intoxication by oxalates in nursing cows in pasture of Setaria anceps Stapf, Kazungula cultivar [Forage grass]] | |
| 260 | 3 |
_aCampo Grande, MS (Brasil): _c1982. |
|
| 300 | _a3 p. | ||
| 490 |
_aComunicado Tecnico - Centro Nacional de Pesquisa de Gado de Corte (Brazil) _vno. 10 _xISSN 0100-7807 |
||
| 650 | _aVACA LEITEIRA | ||
| 650 | _aSETARIA | ||
| 650 | _aINTOXICACAO ANIMAL | ||
| 909 |
_a202312 _bLúcia Elande _c55 _dLúcia Elande |
||
| 942 |
_2AGRIS _n0 _cMS |
||
| 999 |
_c273989 _d273989 |
||